| 000 -ლიდერი |
| ფიქსირებული სიგრძის საკონტროლო ველი |
01427nam a22002297a 4500 |
| 003 - საკონტროლო ნომრის იდენტიფიკატორი |
| საკონტროლო ველი |
Ge_BSU |
| 005 - ბოლო ოპერაციის თარიღი და დრო |
| საკონტროლო ველი |
20230518163407.0 |
| 008 - ფიქსირებული სიგრძის მონაცემთა ელემენტები - ზოგადი ინფორმაცია |
| ფიქსირებული სიგრძის საკონტროლო ველი |
230518s1991 ge ||||| |||| 00| 0 geo d |
| 041 ## - ენის კოდი |
| Language code of text/sound track or separate title |
geo |
| 080 ## - უნივერსალური ათობითი კლასიფიკაციის ინდექსი |
| Universal Decimal Classification number |
94(479.22:470) ს-56 |
| 100 ## - მთავარი ჩანაწერი - პიროვნების სახელი |
| Personal name |
სიხარულიძე, ფრიდონ |
| 9 (RLIN) |
18125 |
| 245 ## - ცნობა სათაურის შესახებ |
| Title |
მოსკოვის ქართული ახალშენის ისტორიიდან / |
| Statement of responsibility, etc |
ფრიდონ სიხარულიძე; [რედ.: გ. ციციშვილი] ; საქ. მეცნ. აკადემია, ერთა შორის ურთიერთობის კვლევის ცენტრი. |
| 264 ## - წარმოების, გამოცემის, დისტრიბუციის და სხვა ცნობები |
| გამოცემის, წარმოების, დისტრიბუციის... ადგილი |
თბილისი : |
| გამოცემის, წარმოების, დისტრიბუციის... სახელწოდება |
მეცნიერება, |
| გამოცემის, წარმოების, დისტრიბუციის... თარიღი |
1991. |
| 300 ## - ფიზიკური აღწერა |
| Extent |
310 გვ. : |
| Other physical details |
ილ. ; |
| Dimensions |
19სმ. |
| 501 ## - შენიშვნა თანმხლებ მასალაზე |
| With note |
საძიებლები: გვ. 295-307. |
| 520 ## - SUMMARY, ETC. |
| Summary, etc |
რეზ. რუს. და ინგლ. ენ. |
| 653 ## - INDEX TERM--UNCONTROLLED |
| Uncontrolled term |
ქართველები რუსეთში |
| 653 ## - INDEX TERM--UNCONTROLLED |
| Uncontrolled term |
საქართველო-რუსეთის ურთიერთობების ისტორია |
| 700 ## - ADDED ENTRY--PERSONAL NAME |
| Personal name |
ციციშვილი, გ. |
| Relator term |
რედაქტორი |
| 9 (RLIN) |
16294 |
| 710 ## - ADDED ENTRY--CORPORATE NAME |
| Corporate name or jurisdiction name as entry element |
საქ. მეცნ. აკადემია |
| Subordinate unit |
ერთა შორის ურთიერთობის კვლევის ცენტრი. |
| 9 (RLIN) |
18126 |
| 942 ## - ADDED ENTRY ELEMENTS (KOHA) |
| Source of classification or shelving scheme |
|
| Koha item type |
წიგნი |